[Event "18th Aeroflot Open-A 2020"]
[Site "Moscow"]
[Date "2020.02.19"]
[Round "1.35"]
[White "Sargsyan, Shant"]
[Black "Kardashevskiy, Evgeny"]
[Result "1-0"]
[WhiteElo "2594"]
[BlackElo "2437"]
[Annotator "TA"]
[PlyCount "97"]
[EventDate "2020.02.19"]
[EventType "swiss"]
[EventCountry "RUS"]
[SourceTitle "playchess.com"]
[Source "ChessBase"]
[SourceQuality "1"]

{[%evp 16,97,22,20,29,20,60,55,62,41,71,26,43,29,44,35,38,41,51,43,39,35,66,59,125,112,133,127,99,106,119,102,105,105,105,105,102,89,110,117,107,110,106,81,131,128,127,126,127,112,156,167,160,160,170,171,211,143,316,318,355,352,342,347,500,486,503,483,439,413,516,515,555,544,838,880,857,821,874,865,855,822,29987,29988]} 1. d4 Nf6 2. c4 e6 3. Nf3 d5 4. Nc3 Nbd7 {[%cal Bb8d7,Bd7f8,Bf8e6][%mdl 32]} 5. Qc2 Be7 6. cxd5 exd5 7. Bf4 c6 8. h3 Nf8 {is recently more successful than 8...0-0.} 9. e3 Ne6 {D35: Queen's Gambit Declined: Exchange Variation.} 10. Be5 Bd6 11. Bd3 Bxe5 {White is slightly better.} 12. Nxe5 {[#]} g6 $146 ({Predecessor:} 12... O-O 13. O-O-O c5 14. dxc5 Nxc5 15. g4 Be6 16. Kb1 Rc8 17. f3 Qc7 18. Qh2 Qa5 {1-0 (38) Iturrizaga Bonelli,E (2645)-Georgescu,T (2468) Skopje 2014}) 13. O-O O-O 14. b4 Qe7 15. Rab1 Ng7 16. Na4 Ne4 17. b5 f6 18. Nf3 $36 {[%mdl 2048] Black is under pressure.} Bd7 19. bxc6 bxc6 ({Black should try} 19... Bxc6 $14 20. Rfc1 Rac8) 20. Bxe4 $16 Qxe4 21. Qxe4 dxe4 22. Nd2 f5 23. Nc5 Be6 24. Nxe6 Nxe6 25. Rfc1 Rac8 26. Rc2 Rfd8 27. Rbc1 Rd6 28. Nb3 Kf8 29. Na5 Nd8 30. Rc5 Rb8 31. g4 f4 32. g5 Rd5 33. Nxc6 Rxc5 34. Rxc5 {[%mdl 4096] Endgame KRN-KRN} Rb1+ 35. Kg2 f3+ {[#]} 36. Kh2 $1 Nf7 $2 {Black cannot hold the game after this.} (36... Ne6 $16) 37. Ne5 $18 {And now Rc8+ would win.} ({Not} 37. Nxa7 h6 $16) 37... Nd6 38. Rc6 Nf5 39. Ng4 a5 (39... Rb7 $142 40. Ra6 Rc7) 40. Ra6 Rb5 41. Ra8+ Kf7 42. Ra7+ Kf8 43. a4 Rb2 44. Rxa5 Nxe3 45. Nxe3 Rxf2+ 46. Kg3 Re2 47. Kf4 f2 48. Ra6 Rxe3 49. Rf6+ {Accuracy: White = 94%, Black = 50%.} 1-0

[Event "18th Aeroflot Open-A 2020"]
[Site "Moscow"]
[Date "2020.02.19"]
[Round "1.36"]
[White "Vignesh N R"]
[Black "Cordova, Emilio"]
[Result "0-1"]
[WhiteElo "2436"]
[BlackElo "2593"]
[Annotator "TA"]
[PlyCount "92"]
[EventDate "2020.02.19"]
[EventType "swiss"]
[EventCountry "RUS"]
[SourceTitle "playchess.com"]
[Source "ChessBase"]
[SourceQuality "1"]

{[%evp 21,92,37,38,22,28,39,41,37,46,21,31,41,32,11,38,0,0,-10,0,0,0,-54,0,-33,-41,-134,-133,-154,-143,-147,-147,-144,-102,-141,-148,-150,-129,-137,-137,-132,-136,-122,-122,-118,-59,-110,-35,-35,-35,-35,-35,-35,-35,-35,-36,-27,-10,-5,-7,-440,-401,-472,-472,-472,-472,-568,-550,-839,-839,-811,-801,-29984,-29985]} 1. e4 c5 2. Nf3 d6 3. d4 cxd4 4. Nxd4 Nf6 5. Nc3 Nc6 6. Bg5 e6 7. Qd2 a6 8. O-O-O Bd7 9. f3 Be7 10. h4 b5 11. Nxc6 Bxc6 12. Ne2 {B67: Sicilian: Richter-Rauzer: 7...a6 8 0-0-0 Bd7, lines without 9 f4 Be7.} Rc8 13. Nd4 Bb7 14. Kb1 {White is slightly better.} h6 15. Be3 Nd7 16. g4 Ne5 17. Be2 Qc7 18. g5 {[%cal Rg5h6]} h5 $1 19. Rhg1 g6 $1 {[#]} 20. Bf4 $146 ({Predecessor:} 20. Bf2 O-O 21. b3 {½-½ (21) Hernandez,J (2066)-Lloyd,G (2166) ICCF email 2007}) 20... O-O 21. Qe1 (21. c3 $11) 21... Rfd8 (21... Nd7 $15 22. Bd2 e5) 22. Bg3 (22. Bd2 $5 {[%cal Rd2a5]}) 22... Bf8 23. f4 (23. c3 $15) 23... Nc4 $17 24. Bd3 Bg7 25. Bf2 e5 26. fxe5 Bxe5 ({Don't take} 26... dxe5 27. Nf3 $15) 27. c3 Re8 28. Qe2 d5 29. Bxc4 dxc4 ({Resist} 29... bxc4 30. Nf3 $15) 30. Nf3 Bg7 31. e5 Qc6 32. Rg3 a5 (32... Re7 $17 33. Ka1 Rce8) 33. Re1 (33. Bd4 $15) 33... Qd5 (33... Qd7 $17 34. Bd4 Qf5+ 35. Ka1 Qf4) 34. Bd4 $1 $15 Qd7 35. Nd2 Qf5+ 36. Kc1 b4 37. Rf1 Qe6 {[%cal Rg7e5]} 38. Re3 a4 39. cxb4 c3 {[%mdl 64] [#] Discovered Attack} 40. Bxc3 $2 {[%mdl 8192] White does not recover from this.} (40. bxc3 $11 {and White is okay.} Red8 41. Rf4) 40... Qxa2 $19 {Threatens to win with ...a3.} 41. e6 Bxc3 42. Rxc3 ({Don't go for} 42. exf7+ $2 {[#]} Kh7 $1 {[%mdl 512]}) 42... Rxe6 {( -> ...Rxc3+)} 43. Qd3 Rec6 {White must now prevent ...a3.} 44. b5 Rxc3+ 45. bxc3 a3 {Hoping for ...Qb2+.} 46. Qc2 Qa1+ {[%mdl 64] Double Attack. Accuracy: White = 56%, Black = 85%.} 0-1

[Event "18th Aeroflot Open-A 2020"]
[Site "Moscow"]
[Date "2020.02.19"]
[Round "1.37"]
[White "Aleksandrov, Aleksej"]
[Black "Zarubitski, Viachaslau"]
[Result "1/2-1/2"]
[WhiteElo "2592"]
[BlackElo "2432"]
[Annotator "TA"]
[PlyCount "87"]
[EventDate "2020.02.19"]
[EventType "swiss"]
[EventCountry "RUS"]
[SourceTitle "playchess.com"]
[Source "ChessBase"]
[SourceQuality "1"]

{[%evp 13,87,18,50,22,41,31,27,8,22,3,8,-8,-8,-7,-17,-8,-17,0,-8,0,0,0,4,12,12,-5,-4,-72,-55,-57,-41,-92,-16,-57,-53,-37,-29,-36,-25,-55,0,0,0,0,0,-6,0,0,6,4,6,6,6,6,6,8,9,12,13,0,20,22,23,14,47,41,41,0,0,0,8,8,8,2,0,0]} 1. c4 c6 2. Nf3 Nf6 3. Nc3 d5 4. e3 g6 5. d4 Bg7 6. Be2 O-O 7. O-O Ne4 8. a4 {D94: Grünfeld: 4 Nf3 Bg7 5 e3.} Bf5 9. a5 dxc4 10. Bxc4 {White has an edge.} c5 {[#]} 11. Nxe4 $146 ({Predecessor:} 11. Bd3 Nxc3 12. bxc3 Bxd3 13. Qxd3 Nc6 14. Qb5 cxd4 15. Qxb7 Nxa5 16. Qb4 Nc6 17. Qa4 {1-0 (32) Claridge,J (2184)-Steel,A (1940) ICCF email 2013}) 11... Bxe4 12. d5 Nd7 13. Nd2 Ne5 14. Nxe4 {[#] Hoping for Be2.} Nxc4 15. Nxc5 Nxa5 16. e4 Rc8 17. Nd3 a6 18. Ra4 e6 19. dxe6 fxe6 20. e5 (20. h4 $11 {remains equal.}) 20... Qd5 $17 21. Qe2 Nc6 22. h4 ({Better is} 22. Nf4 $15 Nd4 23. Rxd4 {[%mdl 64] Remove Defender, Decoy} Qxd4 24. Nxe6 Qxe5 25. Qxe5 Bxe5 26. Nxf8 Kxf8 27. b3) 22... Nxe5 ({Black should try} 22... Nd4 $17 23. Qg4 Nb3) 23. Nf4 Qb3 24. Qe4 Nc4 25. Qxe6+ Kh8 26. Ra3 Qc2 ({Black should play} 26... Qb4 $1 $15 27. Rd3 Ne5) 27. Rd3 $11 Ne5 ({Don't go for} 27... Bxb2 $2 28. Rd7 $18) 28. Rdd1 Rce8 29. Qh3 Qe4 30. Qg3 Nc6 $132 {[%mdl 2048] Black is not keeping still} 31. h5 Nd4 32. hxg6 {With the idea Qh2!} Rxf4 $1 33. Rxd4 $1 Bxd4 34. Bxf4 Qxg6 35. Qb3 Qe4 36. Bg3 Qc6 37. Rd1 Bg7 38. Bf4 Qe4 39. Be3 b5 40. Qf7 Rf8 {The position is equal.} 41. Qb3 Qc4 42. Qxc4 bxc4 43. Bd4 Rb8 44. Bxg7+ {Accuracy: White = 82%, Black = 88%.} 1/2-1/2

[Event "18th Aeroflot Open-A 2020"]
[Site "Moscow"]
[Date "2020.02.19"]
[Round "1.38"]
[White "Lazavik, Denis"]
[Black "Vaibhav, Suri"]
[Result "1/2-1/2"]
[WhiteElo "2428"]
[BlackElo "2591"]
[Annotator "TA"]
[PlyCount "38"]
[EventDate "2020.02.19"]
[EventType "swiss"]
[EventCountry "RUS"]
[SourceTitle "playchess.com"]
[Source "ChessBase"]
[SourceQuality "1"]

{[%evp 20,38,13,10,24,6,2,8,2,0,0,0,0,0,0,0,0,0,0,-6,0]} 1. d4 Nf6 2. c4 e6 3. Nf3 d5 4. Nc3 Bb4 5. Bg5 h6 6. Bxf6 Qxf6 7. e3 O-O 8. Rc1 dxc4 9. Bxc4 c5 10. O-O cxd4 11. Nxd4 Bd7 {D38: Queen's Gambit Declined: Ragozin Defence (4 Nf3 Bb4).} 12. Qb3 Nc6 {The position is equal.} 13. Nxc6 Bxc3 $1 14. Rxc3 Bxc6 15. Bb5 Bd5 16. Bc4 Bc6 17. Bb5 Bd5 18. Bc4 Bc6 19. Bb5 Bd5 1/2-1/2

[Event "18th Aeroflot Open-A 2020"]
[Site "Moscow"]
[Date "2020.02.19"]
[Round "1.39"]
[White "Shubin, Kirill"]
[Black "Wagner, Dennis"]
[Result "0-1"]
[WhiteElo "2427"]
[BlackElo "2590"]
[Annotator "TA"]
[PlyCount "60"]
[EventDate "2020.02.19"]
[EventType "swiss"]
[EventCountry "RUS"]
[SourceTitle "playchess.com"]
[Source "ChessBase"]
[SourceQuality "1"]

{[%evp 17,60,0,0,0,0,12,9,0,0,0,0,0,0,-2,0,0,0,-31,-18,-58,-52,-143,-143,-239,-216,-256,-222,-374,-285,-473,-475,-604,-543,-589,-569,-869,-577,-822,-819,-810,-778,-773,-770,-1192,-1163]} 1. e4 e5 2. Nf3 Nc6 3. Bb5 a6 4. Ba4 Nf6 5. O-O Be7 6. Re1 b5 7. Bb3 O-O 8. c3 d5 9. d4 exd4 10. e5 {C89: Closed Ruy Lopez: Marshall Attack.} Ne4 $1 11. cxd4 Bf5 12. Nc3 {The position is equal.} Nxc3 13. bxc3 Na5 14. Bc2 Bxc2 15. Qxc2 Nc4 16. a4 c6 {[#]} 17. Qf5 $146 ({Predecessor:} 17. Nd2 c5 18. Nf3 b4 19. dxc5 bxc3 20. Qxc3 Bxc5 21. Qd3 h6 22. Bd2 Qd7 23. Bc3 {½-½ (35) Mannermaa,J (2459)-Hill,G (2410) ICCF email 2016}) 17... Qc8 18. Qh5 a5 19. g4 (19. Nd2 $15) 19... b4 $36 {[%mdl 2048] White is under strong pressure.} 20. Ng5 (20. Nd2 $17) 20... h6 21. Nh3 bxc3 22. Ra2 $2 {[#]} (22. Nf4 {was necessary.}) 22... c5 23. Nf4 $2 (23. Rae2 {is a better defense.} g6 24. Qxh6 Qxg4+ {[%mdl 64] Double Attack} 25. Kh1) 23... cxd4 $19 {Black is clearly winning.} 24. Nxd5 Qd7 25. Nxe7+ Qxe7 26. Re4 Rfd8 27. g5 d3 {And now ...d2 would win.} 28. Rxc4 d2 29. Bxd2 cxd2 30. Qd1 Qxe5 {Accuracy: White = 23%, Black = 81%.} 0-1

[Event "18th Aeroflot Open-A 2020"]
[Site "Moscow"]
[Date "2020.02.19"]
[Round "1.40"]
[White "Shimanov, Aleksandr"]
[Black "Pranesh M"]
[Result "1/2-1/2"]
[WhiteElo "2587"]
[BlackElo "2425"]
[Annotator "TA"]
[PlyCount "125"]
[EventDate "2020.02.19"]
[EventType "swiss"]
[EventCountry "RUS"]
[SourceTitle "playchess.com"]
[Source "ChessBase"]
[SourceQuality "1"]

{[%evp 9,125,0,18,16,16,16,16,9,9,9,16,16,19,16,16,13,7,15,8,13,9,0,0,0,9,11,3,1,59,60,220,218,212,189,231,219,236,222,242,244,252,236,234,237,579,587,615,591,616,642,679,668,5025,665,664,649,615,338,635,264,267,202,213,212,203,204,209,188,193,158,218,214,168,0,0,0,0,0,0,0,3,-3,8,8,8,8,8,8,8,8,8,8,8,8,8,8,8,0,0,0,0,0,0,0,0,0,0,0,0,0,0,0,0,0,0,0,-8,-29992]} 1. Nf3 Nf6 2. c4 e6 3. Nc3 d5 4. e3 Nbd7 5. b3 a6 6. Bb2 {A17: English Opening: 1...Nf6 with ...Bb4.} b6 7. cxd5 exd5 8. g3 Bb7 9. Bg2 Bd6 10. O-O O-O 11. Rc1 Re8 12. Ne2 Rc8 13. d4 a5 14. Nf4 Ne4 15. Qc2 Qe7 16. Rfd1 c5 17. dxc5 Bxc5 18. Qe2 Ndf6 ({Black should play} 18... Nxf2 $1 $11 19. Rxc5 (19. Kxf2 $2 Qxe3+ 20. Qxe3 Bxe3+ {[%mdl 64] Discovered Attack} 21. Kf1 Ba6+ 22. Nd3 Bxc1 $19 {[%mdl 64] Pin}) (19. Nxd5 Bxd5 20. Rxd5 Ng4 $17) 19... Nxd1 20. Rxc8 Rxc8 21. Qxd1 Qxe3+ 22. Kh1 Nf6) 19. Nd4 $14 Ba3 $2 (19... g6 $14) 20. Nf5 $18 Qf8 {[#]} 21. Rxc8 $1 Bxc8 {[#]} 22. Nxg7 $1 Qxg7 23. Bxa3 {aiming for Bb2.} Bg4 24. f3 Nc3 25. Qd3 Nxd1 26. Qxd1 Rxe3 $2 (26... Nh5 {is more resistant.}) 27. fxg4 Qxg4 28. Qd2 d4 {Black hopes to continue with ...Ne4.} 29. Bb2 Ne4 30. Qxd4 {[%csl Gb2][%cal Rd4h8][%mdl 64] Double Attack} Re1+ 31. Bf1 {[%csl Gb2][%cal Rd4h8]} f6 32. Kg2 Qd1 {intending ...Qc2+.} 33. Bc4+ Kg7 $2 (33... Kf8 34. h4 Qc2+ 35. Kf3 Nd2+ 36. Kg4 h5+ {[%mdl 64] Decoy} 37. Kxh5 Qh7+ 38. Kg4 f5+ 39. Kh3 Rh1+ 40. Kg2 Rh2+ {[%mdl 64] Decoy} 41. Kxh2 Nf3+ 42. Kh3 Nxd4 43. Bxd4 Ke8) 34. Qxd1 (34. Bd3 $142 a4 35. Qd7+ Kh6 36. Qh3+ Kg7 37. Qf5 Rg1+ 38. Kh3 Rxg3+ 39. Kh4 (39. hxg3 $2 {gets mated.} Qh1+ 40. Kg4 Nf2#) 39... Rxd3 40. Qxe4 {[%mdl 64] Double Attack}) 34... Rxd1 35. Kf3 Nd2+ 36. Ke2 Rb1 37. Bd4 ({Much less strong is} 37. Kxd2 $6 Rxb2+ 38. Ke3 Rxa2 $14) 37... Nxc4 38. bxc4 Kf7 39. Kd2 Rb4 (39... b5 $16) 40. Kd3 Ra4 41. Bb2 $2 ({White should try} 41. Bxb6 $18 Ra3+ 42. Kc2) 41... Rxa2 $11 {The position is equal.} 42. Kc3 a4 {[%cal Ba5a4,Ba4a3][%mdl 32]} 43. Nd3 a3 44. Bc1 h5 45. h4 Ke8 46. Kb4 {And now Nf4 would win.} Rg2 47. Bxa3 Rxg3 48. Nf4 Rg4 49. Nxh5 Kf7 50. Bb2 f5 51. Be5 {Nf4 is the strong threat.} Rxh4 52. Nf4 {Threatens to win with Kb5.} Rh1 $1 53. Bc7 Rb1+ 54. Kc3 Rc1+ 55. Kb4 Rb1+ 56. Kc3 Rc1+ 57. Kd4 b5 {[%cal Bb6b5,Bb5b4,Bb4b3,Bb3b2][%mdl 32]} 58. c5 b4 59. Be5 b3 {Strongly threatening ...b2.} 60. Kd5 Rc2 61. Nd3 f4 62. Bxf4 {With the idea Be5.} b2 63. Ke4 $2 {[%mdl 40960] Quite a comeback for Black. Accuracy: White = 85%, Black = 77%. . An unexpected result.} (63. Nxb2 $11 Rxb2 64. Kd6) 1/2-1/2

[Event "18th Aeroflot Open-A 2020"]
[Site "Moscow"]
[Date "2020.02.19"]
[Round "1.41"]
[White "Petrosyan, Manuel"]
[Black "Aditya Mittal"]
[Result "1/2-1/2"]
[WhiteElo "2590"]
[BlackElo "2427"]
[Annotator "TA"]
[PlyCount "213"]
[EventDate "2020.02.19"]
[EventType "swiss"]
[EventCountry "RUS"]
[SourceTitle "playchess.com"]
[Source "ChessBase"]
[SourceQuality "1"]

{[%evp 11,212,31,33,26,39,26,39,29,34,27,25,22,11,21,28,0,17,8,60,43,31,42,35,48,60,57,48,35,66,31,31,31,103,48,45,37,48,57,69,18,12,0,0,-4,0,0,0,0,0,0,163,163,163,163,163,163,163,163,163,152,152,152,152,152,170,152,170,163,163,163,164,164,188,188,188,143,146,146,156,143,145,136,136,147,160,146,197,196,253,253,391,231,400,400,400,239,239,239,239,239,263,232,232,232,232,197,232,232,239,239,239,239,239,239,239,239,239,231,231,231,231,231,231,49,231,48,48,41,41,41,41,41,41,41,41,41,41,41,41,41,41,41,41,41,41,41,41,41,41,41,41,41,41,41,41,41,41,41,41,41,41,41,41,41,41,0,41,41,41,0,41,41,41,41,41,0,41,41,41,0,41,0,41,41,41,0,41,0,41,0,0,0,0,0,0,0,0,0,0,0,0,0,0]} 1. d4 Nf6 2. Nf3 d5 3. c4 e6 4. g3 dxc4 5. Bg2 a6 6. O-O Nc6 7. Bg5 {E04: Open Catalan: 5 Nf3.} h6 8. Bxf6 Qxf6 9. Nc3 {White is slightly better.} Rb8 10. e3 b5 11. a4 Bd6 12. axb5 axb5 13. b3 cxb3 14. Qxb3 {[#]} b4 $146 (14... O-O $11) ({Predecessor:} 14... Bd7 15. Nxb5 O-O 16. Qc4 Nb4 17. Nc3 Rfc8 18. Rfc1 Qd8 19. Ne5 Be8 20. Bc6 Bxe5 21. Bxe8 Qxe8 22. dxe5 Qd7 23. Rd1 Qc6 24. Qxc6 Nxc6 25. f4 {½-½ (25) Petrov,M (2365)-Kloster,J (2399) GER email 2014}) 15. Nd2 $14 {[%mdl 1024] White has compensation.} Bd7 16. Nce4 Qd8 $1 17. Rfc1 Ne7 {[%cal Bc6e7,Be7c8,Bc8d6,Bd6b7,Bb7a5,Ba5b3][%mdl 32]} 18. Nc4 Nc8 19. Nc5 O-O 20. Nb7 Qe7 21. Ra5 c6 (21... Re8 $14) 22. Nc5 (22. Nbxd6 $16 Nxd6 23. Ne5) 22... Bxc5 23. Rxc5 Nd6 24. Ne5 Nb7 25. Nxd7 ({Wrong is} 25. Nxc6 $2 Bxc6 26. Bxc6 Nxc5 $19) ({White should try} 25. R5c2 $1 $14) 25... Qxd7 $11 26. Re5 c5 27. dxc5 Na5 28. Qb2 Qd3 {Hoping for ...Nc4.} 29. Re4 Nb3 30. Rg4 {[%csl Gg4][%cal Rb2g7]} f6 $2 {[#]} (30... g6 $11 31. Bf1 Qd5) 31. Bf1 $1 $36 {[%cal Rf1d3][%mdl 2048] Keeping Black busy.} Nxc1 32. Bxd3 Nxd3 33. Qb1 Nxc5 {White should prevent ...b3.} 34. Rxb4 Nd7 35. Qb3 Rxb4 36. Qxb4 $16 {[%mdl 4096] Endgame KQ-KRN} Rf7 37. h4 Nf8 38. g4 Rd7 39. h5 Kf7 40. f4 Re7 41. Kg2 e5 42. Qc4+ Ke8 43. g5 hxg5 44. fxg5 fxg5 45. Kg3 Re6 46. Kg4 Rf6 47. Kxg5 Ne6+ 48. Kg4 Kf8 (48... Kf7 $16 49. Qe4 Rf2 50. Qxe5 Rg2+ 51. Kh4 Rg1) 49. Qd5 $18 Kg8 (49... Kf7 $142 50. Qd7+ Kf8) 50. Qxe5 Kh7 (50... Kf7 $142 51. e4 Ke7) 51. Qe4+ (51. Qd6 $142) 51... Kh8 $2 (51... g6 52. hxg6+ Kh6) 52. Qd3 Kg8 53. e4 (53. Qd7 $142) 53... g6 54. hxg6 Rxg6+ 55. Kf5 Kh7 56. Qh3+ Kg7 57. Ke5 Nf8 58. Qc3 Kf7 59. Qb3+ Kg7 60. Qb7+ Kg8 61. Kf5 Rg7 62. Qd5+ Rf7+ 63. Kg5 Kg7 64. Qd4+ Kg8 65. Qc4 Kg7 66. Qc6 Nh7+ 67. Kh4 $2 (67. Kg4 $18) 67... Nf8 $2 ({Better is} 67... Re7 $1 $14 68. Qc3+ Kg6) 68. Kh5 $2 (68. Qc3+ $18 Rf6 69. Qc7+ Kh6 70. Kg4) 68... Re7 $1 $14 69. Qh6+ Kf7 70. Qf4+ Ke8 71. Qb8+ Kf7 72. Qb3+ Ke8 73. Qb5+ Nd7 74. Qc4 {[#] And now Kg5 would win.} Re5+ 75. Kh4 Ke7 76. Kg3 Rg5+ 77. Kf4 Re5 78. Qb4+ Ke8 79. Qd6 Kd8 80. Qg6 Rc5 81. Qg7 Ke8 82. Ke3 Re5 83. Kd4 {aiming for Qh6.} Rc5 84. Qh8+ Ke7 85. Qh7+ Ke8 86. Qg7 Kd8 87. Qf7 Kc7 88. Qg8 {Threatens to win with Ke3.} Ra5 89. Qc4+ Kd8 90. Qg8+ (90. e5 $5 Rxe5 91. Qg8+ Ke7 92. Qh7+ Kd6 93. Qf7 $16) 90... Kc7 91. Qg3+ Kc8 92. Qc3+ Rc5 93. Qa3 Kd8 94. Qa8+ Kc7 95. Qg8 Ra5 96. Qg3+ (96. e5 {is more complex.} Nxe5 97. Qg7+ Kc8 98. Qh8+ Kc7 99. Qe8) 96... Kc8 97. Qh3 {Qh2 is the strong threat.} Rc5 98. Qa3 {Strongly threatening Qg3.} Kd8 99. Qb4 {Black must now prevent Qa3.} (99. e5 $5 Rxe5 100. Qd6 $16) 99... Kc8 100. Qxc5+ Nxc5 {The position is equal.} 101. Kxc5 {KP-K} Kc7 102. Kd5 {Threatening mate with Ke6.} Kd7 103. e5 Ke7 104. e6 Ke8 105. Kd6 {White threatens e7 and mate.} Kd8 106. e7+ Ke8 107. Ke6 {Blacks defense is rewarded with a draw. Accuracy: White = 78%, Black = 80%.} 1/2-1/2

[Event "18th Aeroflot Open-A 2020"]
[Site "Moscow"]
[Date "2020.02.19"]
[Round "1.42"]
[White "Mendonca, Leon Luke"]
[Black "Idani, Pouya"]
[Result "1/2-1/2"]
[WhiteElo "2418"]
[BlackElo "2577"]
[Annotator "TA"]
[PlyCount "71"]
[EventDate "2020.02.19"]
[EventType "swiss"]
[EventCountry "RUS"]
[SourceTitle "playchess.com"]
[Source "ChessBase"]
[SourceQuality "1"]

{[%evp 11,71,2,1,0,16,16,16,16,16,16,17,16,21,22,18,16,20,19,20,21,47,46,37,49,56,20,25,16,34,19,21,21,34,14,19,10,21,16,24,12,37,0,42,45,41,36,54,35,131,0,0,0,0,0,13,10,12,0,0,0,0,0]} 1. d4 Nf6 2. c4 e6 3. Nc3 Bb4 4. e3 d5 5. Nf3 O-O 6. Bd2 Nbd7 7. Rc1 $1 {[%mdl 4] is more profitable than 7.Bd3 at the moment. Played by Pentala Harikrishna in November 2019. E51: Nimzo-Indian: Rubinstein: 4...0-0 5 Nf3 d5.} Re8 8. Qb3 Bxc3 9. Bxc3 {[#]} b6 $146 ({Predecessor:} 9... c6 10. Be2 Ne4 11. O-O Qb6 12. Qc2 Ndf6 13. Be1 Bd7 14. Ne5 Qd8 15. c5 h6 {1-0 (29) Sandipan,C (2555)-Schoen,R (1982) Tegernsee 2017}) 10. cxd5 exd5 11. Bb5 Bb7 12. O-O a6 13. Bd3 a5 14. Qc2 Ne4 15. b3 Ba6 16. Bxa6 Rxa6 17. Bb2 Ra7 18. Rcd1 f6 19. Ne1 Nf8 20. Nd3 Qd7 21. Rfe1 Ng6 22. f3 Ng5 23. a4 Raa8 24. Rc1 $36 {[%mdl 2048] White fights for an advantage.} Rac8 25. Qc6 Qf7 26. Ba3 h5 27. Kf2 h4 28. h3 Ne7 29. Qd7 Qe6 {[#]} (29... Ne6 $1 $14) 30. Qxe6+ ({Of course not} 30. Rxc7 $6 Qxd7 31. Rxd7 Rc2+ 32. Kg1 Nf5 $11) ({Better is} 30. Qb5 $1 $16) 30... Nxe6 $11 {The position is equal.} 31. Bxe7 (31. b4 {keeps more tension.} axb4 32. Bxb4 Ra8 33. Ra1 Kf7 34. a5) 31... Rxe7 32. Rc6 Nd8 33. Rc2 Ne6 34. Rc6 Nd8 35. Rc3 Ne6 36. Rc6 {Accuracy: White = 88%, Black = 83%.} 1/2-1/2

[Event "18th Aeroflot Open-A 2020"]
[Site "Moscow"]
[Date "2020.02.20"]
[Round "2.1"]
[White "Can, Emre"]
[Black "Artemiev, Vladislav"]
[Result "1/2-1/2"]
[WhiteElo "2600"]
[BlackElo "2728"]
[Annotator "TA"]
[PlyCount "100"]
[EventDate "2020.02.19"]
[EventType "swiss"]
[EventCountry "RUS"]
[SourceTitle "playchess.com"]
[Source "ChessBase"]
[SourceQuality "1"]

{[%evp 17,100,43,47,46,43,43,46,51,59,65,93,60,63,50,49,33,41,10,21,24,31,30,33,18,33,0,21,12,18,0,0,0,10,10,18,6,5,11,50,44,208,0,-2,-7,0,0,0,0,0,0,0,-11,0,0,0,0,0,-34,-41,-43,-43,-43,-43,-38,-17,-21,-22,-12,-16,-10,0,0,0,0,0,-14,-27,-29,0,-8,0,0,0,0,0]} 1. d4 Nf6 2. c4 g6 3. Nc3 d5 4. Nf3 Bg7 5. Qb3 dxc4 6. Qxc4 O-O 7. e4 c6 8. Be2 b5 9. Qb3 Qa5 $1 {9...Qa5 is better than 9...a5.} 10. e5 {D97: Grünfeld: Russian System: 7 e4, replies other than 7...Bg4.} Be6 11. Qc2 Nd5 12. Bd2 {White is slightly better.} Nxc3 {[#]} 13. bxc3 $146 ({Predecessor:} 13. Bxc3 b4 14. Bd2 Qb6 15. Bc4 Bg4 16. Qe4 Bxf3 17. gxf3 Nd7 18. h4 c5 19. h5 cxd4 {1-0 (28) Fine,R-Jonsson,E Gothenburg 1937}) 13... Bc4 14. Bxc4 bxc4 15. h4 Qd5 16. h5 c5 17. hxg6 hxg6 18. Rh4 cxd4 19. cxd4 Nd7 20. Ke2 Rab8 {[%cal Ba8b8,Bb8b6,Bb6a6,Ba6a3][%mdl 32]} 21. Bc3 Rfd8 22. Rah1 Nf8 23. Ng5 Rb6 24. R1h3 Ra6 25. Kf1 Rb8 26. Re3 Qb5 27. Re1 Ra3 28. Rh3 Qa4 $2 {[#]} (28... Qd5 $14) 29. Re2 $2 ({Better is} 29. Qc1 $18) 29... Qxc2 $11 30. Rxc2 f6 31. Ne4 Ne6 32. Re3 fxe5 33. dxe5 Nf4 34. Bd2 Rb1+ 35. Re1 $1 {[%cal Re1b1]} Rxe1+ 36. Bxe1 Bxe5 37. Bb4 (37. Nd2 $5 {[%cal Rd2c4]} Rc3 38. Rxc3 Bxc3 39. Nxc4 Bxe1 40. Kxe1 $11) 37... Rd3 {[#] ...Rd1+ is the strong threat.} 38. Bd2 Rd4 39. f3 Nd5 40. Ke2 Bf4 41. Bxf4 Nxf4+ {[%mdl 4096] Endgame KRN-KRN} 42. Ke3 e5 43. Nc3 a6 44. g3 Nd3 45. f4 Nb4 46. Rc1 Rd3+ 47. Ke4 exf4 48. gxf4 {The position is equal.} Nc6 49. Na4 Ra3 50. Rxc4 a5 {Accuracy: White = 86%, Black = 89%.} 1/2-1/2